| 000 | 00832cam a22002774a 4500 | ||
|---|---|---|---|
| 003 | UPN | ||
| 005 | 20240229063544.0 | ||
| 008 | 090304s2006 mx a r 000 f spa d | ||
| 020 | _a9870400299 | ||
| 035 | _aUPN01000169710 | ||
| 040 |
_aUPN _bspa _cUPN |
||
| 049 | _aI | ||
| 050 | 4 |
_aPQ7798.26 I86 _bC65 2006 |
|
| 100 | 1 |
_aPisos, Cecilia, _d1965- _931828 |
|
| 245 | 1 | 0 | _aComo si no hubiera que cruzar el mar |
| 250 | _aPrimera edición | ||
| 260 |
_aMéxico : _bAlfaguara, _c2006. |
||
| 300 |
_a198 páginas : _bilustraciones |
||
| 490 | 0 | _aAlfaguara juvenil | |
| 650 | 4 |
_aLiteratura infantil argentina _97511 |
|
| 650 | 0 |
_aViajes _vLiteratura infantil _921656 |
|
| 700 |
_aNovati, Eugenia _eilustradora _946816 |
||
| 902 |
_bCarolina Alvarado/270922/M _bVíctorGodínez/251122/M |
||
| 905 | _aLibro | ||
| 942 |
_2lcc _cLIBRO |
||
| 999 |
_c141816 _d141816 |
||